| Tag |
First Indicator |
Second Indicator |
Subfields |
| LEADER |
00000pam a2200000 a 4500 |
| 001 |
in00000086815 |
| 005 |
20151008062758.0 |
| 008 |
820223s1982 nyu 00110 eng |
| 010 |
|
|
|a 82003351
|
| 020 |
|
|
|a 0671411640 :
|c $15.95
|
| 035 |
|
|
|a (OCoLC)08283890
|
| 035 |
|
|
|9 AAK0918AM
|
| 039 |
0 |
|
|a 2
|b 3
|c 3
|d 3
|e 3
|
| 040 |
|
|
|a DLC
|c DLC
|d TXA
|d UtOrBLW
|
| 043 |
|
|
|a n-us---
|
| 049 |
|
|
|a TXAM
|c [1387784]
|
| 050 |
0 |
0 |
|a JK526 1980
|b G73
|
| 082 |
0 |
|
|a 324.9730926
|2 19
|
| 100 |
1 |
|
|a Greenfield, Jeff.
|
| 245 |
1 |
4 |
|a The real campaign :
|b how the media missed the story of the 1980 campaign /
|c Jeff Greenfield.
|
| 250 |
|
|
|a 1st ed.
|
| 264 |
|
1 |
|a New York :
|b Summit Books,
|c [1982]
|
| 264 |
|
4 |
|c ©1982
|
| 300 |
|
|
|a 319 pages ;
|c 25 cm.
|
| 336 |
|
|
|a text
|b txt
|2 rdacontent
|
| 337 |
|
|
|a unmediated
|b n
|2 rdamedia
|
| 338 |
|
|
|a volume
|b nc
|2 rdacarrier
|
| 500 |
|
|
|a Includes index.
|
| 650 |
|
0 |
|a Presidents
|z United States
|x Election
|y 1980.
|
| 650 |
|
0 |
|a Campaign debates
|z United States.
|
| 999 |
|
|
|a MARS
|
| 999 |
f |
f |
|s f5eae195-5b70-3aff-8333-3955793f8cca
|i 9ca7a603-38dd-3f18-8da5-d17ea7d1fd0c
|t 0
|
| 952 |
f |
f |
|p ric
|a Texas A&M University
|b Rellis Campus
|c Joint Library Facility
|d Remote Storage
|t 0
|e JK526 1980 G73
|h Library of Congress classification
|i unmediated -- volume
|m A14805981460
|
| 998 |
f |
f |
|a JK526 1980 G73
|t 0
|l Remote Storage
|